000 00540cab a2200181 4500
001 L129892
008 050603n2005 000 0 eng u
035 _a(Sirsi) u129892
041 _aeng
100 _aLawson, David
245 3 _aAn odd favourite
260 _c2005
490 _aProperty Week
_v70(20) 20 May 2005, 33-34(2)
520 _aReports on the return of property derivatives as a popular way to investing in the commercial property market.
590 _aIKA070605
690 _aPROPERTY-INVESTMENT PROPERTY
942 _n0
999 _c75328
_d75328